000 01050na a2200289 4500
001 15217
003 MIRAKIL
005 20181213155308.0
008 160905b tu 000 0
020 _a9786053991700
035 _a15217
040 _aMilas
_btur
_cTR-AnCHP
082 _a956.101543
_bA47h 2010
090 _a956.101543 A47h 2010
100 _aAksakal, Mustafa
245 _aHarb-i umumi eşiğinde
_bOsmanlı devleti son savaşına nasıl girdi?
_cMustafa Aksakal; yayına hazırlayan Belgi Çınar
246 _aOsmanlı devleti son savaşına nasıl girdi?
260 _aİstanbul
_bİstanbul Bilgi Üniversitesi Yayınları
_c2010
300 _aix, 244 s.
_bres.,hrt.
_c23 sm.
490 _aTarih
_v37
490 _aİstanbul Bilgi Üniversitesi yayınları
_v318
504 _aKaynakça ve dizin var.
650 _aOsmanlı İmparatorluğu
_xAnlaşmalar
_y20. yüzyıl
650 _aOsmanlı İmparatorluğu
_xI. Dünya Savaşı (1914-1918)
650 _aOsmanlı İmparatorluğu
_xTarih
_ySavaşlar
942 _2ddc
_cBKS
999 _c10146
_d10146